[Event "EcoIII"]
[Site "http://www.queenalice.com/game.php?id=814011"]
[Date "2010.8.6"]
[Round "-"]
[White "unbon4"]
[Black "Seneca"]
[Result "0-1"]
[WhiteElo "1418"]
[BlackElo "1634"]

1. e4 e6 2. d4 d5 3. e5 c5 4. c3 Ne7 5. Nf3 Nec6 6. Bb5 Bd7 7. O-O Nxe5 8. Bxd7+
Nexd7 9. Re1 Be7 10. Bf4 O-O 11. Nbd2 Qb6 12. Qb3 Nc6 0-1

[Event "EcoIV"]
[Site "http://www.queenalice.com/game.php?id=814012"]
[Date "2010.8.6"]
[Round "-"]
[White "Seneca"]
[Black "unbon4"]
[Result "1-0"]
[WhiteElo "1641"]
[BlackElo "1411"]

1. d4 Nf6 2. c4 e6 3. Nf3 Bb4+ 4. Bd2 Bxd2+ 5. Qxd2 O-O 6. Nc3 Nc6 7. e4 d6 8.
Be2 Ne7 9. O-O Ng6 10. Rad1 Bd7 11. e5 Ne8 12. Bd3 dxe5 13. Bxg6 hxg6 14. dxe5
1-0

[Event "RasputinII"]
[Site "http://www.queenalice.com/game.php?id=814014"]
[Date "2010.8.6"]
[Round "-"]
[White "Seneca"]
[Black "unbon4"]
[Result "1-0"]
[WhiteElo "1626"]
[BlackElo "1426"]

1. d4 Nf6 2. Nf3 g6 3. c4 Bg7 4. Nc3 O-O 5. e4 d6 6. Be2 Nbd7 7. O-O b6 8. e5
dxe5 9. dxe5 Ne8 10. e6 Bxc3 11. exd7 Qxd7 12. bxc3 1-0

[Event "ArthurDoyleI"]
[Site "http://www.queenalice.com/game.php?id=815358"]
[Date "2010.8.9"]
[Round "-"]
[White "unbon4"]
[Black "Abcdefgh"]
[Result "0-1"]
[WhiteElo "1372"]
[BlackElo "1921"]

1. e4 c5 2. Nf3 Nc6 3. d4 cxd4 4. Nxd4 e6 5. Bb5 Nf6 6. Nc3 Bb4 7. O-O O-O 8.
Bg5 h6 9. Bh4 g5 10. Bg3 Bxc3 11. bxc3 Nxe4 12. Bxc6 Nxg3 13. fxg3 bxc6 14. Qh5
Kg7 15. Rab1 Ba6 16. Rf2 Rb8 17. Rxb8 Qxb8 0-1

[Event "ArthurDoyleII"]
[Site "http://www.queenalice.com/game.php?id=815359"]
[Date "2010.8.9"]
[Round "-"]
[White "digger"]
[Black "unbon4"]
[Result "1-0"]
[WhiteElo "1735"]
[BlackElo "1307"]

1. e4 c5 2. c4 g6 3. Nf3 Bg7 4. d3 Nc6 5. Be2 e5 6. Be3 d6 7. Na3 Nf6 8. O-O O-O
9. Bg5 a6 10. Nc2 h6 11. Be3 h5 12. Nh4 Be6 13. Qd2 Nd4 14. Nxd4 cxd4 15. Bg5
Kh7 16. f4 Qd7 17. fxe5 Ng8 18. exd6 Qxd6 19. Bf4 Qc5 20. b4 Qc6 21. c5 Rad8 22.
Rab1 f6 23. Rbc1 g5 24. Bd6 1-0

[Event "ArthurDoyleIII"]
[Site "http://www.queenalice.com/game.php?id=815360"]
[Date "2010.8.9"]
[Round "-"]
[White "unbon4"]
[Black "Cronos"]
[Result "0-1"]
[WhiteElo "1328"]
[BlackElo "1960"]

1. d4 d5 2. Nf3 e6 3. c4 c6 4. Bf4 Nf6 5. Nc3 Bb4 6. Qb3 a5 7. e3 Ne4 8. c5 b5
9. a3 Bxc3+ 10. bxc3 a4 11. Qc2 Nd7 12. Bd3 f5 13. O-O Ndf6 14. Ne5 Bd7 15. h3
O-O 16. Bxe4 Nxe4 0-1

[Event "ArthurDoyleIV"]
[Site "http://www.queenalice.com/game.php?id=815361"]
[Date "2010.8.9"]
[Round "-"]
[White "Abcdefgh"]
[Black "unbon4"]
[Result "1-0"]
[WhiteElo "1703"]
[BlackElo "1317"]

1. d4 e6 2. e4 d5 3. Nc3 Bb4 4. e5 f6 5. Bd3 Nc6 6. Qh5+ Kf8 7. Nf3 f5 8. O-O
Be7 9. g4 g6 10. Qh3 Nb4 11. gxf5 exf5 12. Kh1 Nxd3 13. cxd3 f4 14. e6 Qd6 15.
Re1 Nf6 16. Ng5 h6 17. Nf7 Qb4 18. Nxh8 Kg7 19. Nxg6 Kxg6 20. Bxf4 h5 21. Rg1+
Ng4 22. Rxg4+ Kh7 23. Qxh5# 1-0

[Event "ArthurDoyleV"]
[Site "http://www.queenalice.com/game.php?id=815362"]
[Date "2010.8.9"]
[Round "-"]
[White "unbon4"]
[Black "Abcdefgh"]
[Result "0-1"]
[WhiteElo "1319"]
[BlackElo "1701"]

1. e4 c5 2. Nf3 Nc6 3. d4 cxd4 4. Nxd4 Nf6 5. Nc3 Qb6 6. Nb3 e6 7. Bd3 Be7 8.
Be3 Qc7 9. O-O O-O 10. h3 a6 11. f4 d6 12. g4 Nd7 13. Qf3 h6 14. Kg2 b5 15. a4
b4 16. Ne2 Bb7 17. c4 Nce5 18. fxe5 Nxe5 19. Qg3 Nxd3 20. Rab1 Bxe4+ 21. Kh2
Qxc4 22. Nbd4 Rac8 23. Nf4 Nxf4 0-1

[Event "AtomI"]
[Site "http://www.queenalice.com/game.php?id=815364"]
[Date "2010.8.9"]
[Round "-"]
[White "Cronos"]
[Black "unbon4"]
[Result "1-0"]
[WhiteElo "1958"]
[BlackElo "1357"]

1. e4 c5 2. c4 g6 3. d3 Bg7 4. Nc3 Nc6 5. Nf3 e6 6. g3 Nge7 7. Bh3 O-O 8. Nb5 d5
9. O-O a6 10. Nc3 d4 11. Ne2 e5 12. Bxc8 Rxc8 13. Nh4 f5 14. f3 Qd7 15. a4 1-0

[Event "AtomII"]
[Site "http://www.queenalice.com/game.php?id=815365"]
[Date "2010.8.9"]
[Round "-"]
[White "unbon4"]
[Black "Scaracioli"]
[Result "0-1"]
[WhiteElo "1313"]
[BlackElo "1551"]

1. e4 e5 2. Nf3 f6 3. Bc4 c6 4. Nc3 Bb4 5. O-O Bxc3 6. bxc3 b5 7. Bb3 a5 8. d4
a4 9. Bxg8 Rxg8 10. Qd3 Ba6 11. Qe3 d6 12. Rd1 Nd7 13. Ba3 Qc7 14. h4 c5 15. d5
Nb6 16. Rab1 Nc4 17. Qc1 Rb8 18. g4 b4 19. Bb2 a3 20. Ba1 bxc3 21. Bxc3 Rxb1 22.
Qxb1 Ke7 23. Nd2 Rb8 24. Qc1 Nb2 25. Re1 Bd3 26. cxd3 Nxd3 0-1

[Event "AtomIV"]
[Site "http://www.queenalice.com/game.php?id=815367"]
[Date "2010.8.9"]
[Round "-"]
[White "unbon4"]
[Black "kisarsk"]
[Result "0-1"]
[WhiteElo "1389"]
[BlackElo "1482"]

1. d4 d5 2. c4 dxc4 3. e4 b5 4. b3 Nc6 5. bxc4 Nxd4 6. cxb5 a6 7. bxa6 Bxa6 8.
Bxa6 Rxa6 9. Ne2 Rd6 10. Nxd4 Rxd4 11. Qa4+ Rxa4 0-1

[Event "SenecaIV"]
[Site "http://www.queenalice.com/game.php?id=815382"]
[Date "2010.8.9"]
[Round "-"]
[White "Scaracioli"]
[Black "unbon4"]
[Result "1-0"]
[WhiteElo "1556"]
[BlackElo "1326"]

1. e4 e6 2. e5 d5 3. d4 c5 4. c3 c4 5. b3 cxb3 6. axb3 Nc6 7. Bb5 a6 8. Bb2 axb5
9. Rxa8 Nh6 10. b4 Kd7 11. Na3 Qg5 12. Nf3 Qxg2 13. Rf1 Kc7 14. Nxb5+ Kd7 15.
Nd6 Bxd6 16. exd6 Kxd6 17. b5 Ne7 18. Rg1 Nhf5 19. Rxg2 b6 20. Ba3+ 1-0

[Event "Challenge"]
[Site "http://www.queenalice.com/game.php?id=821918"]
[Date "2010.8.23"]
[Round "-"]
[White "Scaracioli"]
[Black "unbon4"]
[Result "1-0"]
[WhiteElo "1627"]
[BlackElo "1286"]

1. e4 c5 2. d4 cxd4 3. Qxd4 Nc6 4. Qd1 e6 5. f4 Bc5 6. Bd2 Nf6 7. Nc3 Nd4 8. Nf3
Qb6 9. Nxd4 Bxd4 10. Qe2 O-O 11. O-O-O d5 12. e5 Bxc3 13. Bxc3 Ne4 14. Qe3 1-0

[Event "eleven"]
[Site "http://www.queenalice.com/game.php?id=823936"]
[Date "2010.8.27"]
[Round "-"]
[White "unbon4"]
[Black "FranzMeM"]
[Result "0-1"]
[WhiteElo "1270"]
[BlackElo "1478"]

1. d4 d5 2. c4 dxc4 3. e4 e6 4. Bxc4 c6 5. Nf3 b5 6. Bb3 Qa5+ 7. Qd2 Bb4 8. Nc3
Nf6 9. O-O Nxe4 10. Qf4 Nxc3 11. bxc3 Bxc3 12. Rb1 Qd8 13. Bb2 Bxb2 14. Rxb2 O-O
15. Rc1 a5 16. Ne5 Qd6 17. Rd2 Bb7 18. Qh4 Nd7 19. f4 Nxe5 0-1

[Event "elevenII"]
[Site "http://www.queenalice.com/game.php?id=823937"]
[Date "2010.8.27"]
[Round "-"]
[White "FranzMeM"]
[Black "unbon4"]
[Result "1-0"]
[WhiteElo "1471"]
[BlackElo "1278"]

1. d4 e6 2. e4 d5 3. e5 Bb4+ 4. c3 Ba5 5. b4 Bb6 6. Nf3 Ne7 7. Bd3 O-O 8. Bg5
Nd7 9. O-O Qe8 10. Bxe7 Qxe7 11. a4 c6 12. a5 Bc7 13. a6 h5 14. axb7 Bxb7 15.
Ba6 Bxa6 16. Rxa6 1-0

[Event "thirtyseven"]
[Site "http://www.queenalice.com/game.php?id=823938"]
[Date "2010.8.27"]
[Round "-"]
[White "unbon4"]
[Black "Capixaba789"]
[Result "0-1"]
[WhiteElo "1284"]
[BlackElo "1778"]

1. e4 e5 2. Nf3 Nf6 3. Nc3 Nc6 4. Bc4 Be7 5. O-O d6 6. d4 Nxd4 7. Nxd4 exd4 8.
Qxd4 Be6 9. f4 Bxc4 10. Rf3 d5 11. Be3 c5 12. Qd2 d4 13. Bf2 dxc3 14. Qxd8+ Bxd8
15. Re1 cxb2 16. Rc3 Bxa2 17. Rb3 b1=Q 18. Rexb1 Bxb1 19. Rxb1 Bb6 20. c4 O-O
21. Re1 Rfd8 0-1

[Event "vaguelyabsurdI"]
[Site "http://www.queenalice.com/game.php?id=824201"]
[Date "2010.8.27"]
[Round "-"]
[White "unbon4"]
[Black "ykiraz"]
[Result "0-1"]
[WhiteElo "1270"]
[BlackElo "1171"]

1. e4 e6 2. d4 Nf6 3. e5 Nd5 4. c4 Nb4 5. Nf3 d5 6. Nc3 dxc4 7. Qa4+ N8c6 8.
Bxc4 a6 9. O-O Nd5 10. Bg5 Be7 11. Bxe7 Kxe7 12. Ng5 Nxd4 13. Rad1 Nb6 14. Rxd4
Qxd4 0-1

[Event "vaguelyabsurdII"]
[Site "http://www.queenalice.com/game.php?id=824202"]
[Date "2010.8.27"]
[Round "-"]
[White "Clemente"]
[Black "unbon4"]
[Result "1-0"]
[WhiteElo "1476"]
[BlackElo "1272"]

1. e3 e5 2. d4 e4 3. Qg4 Nf6 4. Qd1 Bb4+ 5. c3 Ba5 6. Qa4 Bb6 7. Nd2 Nc6 8. d5
Nxd5 9. Nxe4 O-O 10. Nf3 d6 11. Neg5 f5 12. Qh4 h6 13. Nh3 Qxh4 14. Nxh4 f4 15.
exf4 Bxh3 16. gxh3 1-0

[Event "hypocrisyI"]
[Site "http://www.queenalice.com/game.php?id=824203"]
[Date "2010.8.27"]
[Round "-"]
[White "unbon4"]
[Black "Clemente"]
[Result "0-1"]
[WhiteElo "1280"]
[BlackElo "1468"]

1. d4 g6 2. e4 Bg7 3. Nf3 Nc6 4. Bb5 a6 5. Ba4 d5 6. Nc3 b5 7. Bb3 dxe4 8. Nxe4
e5 9. Nxe5 Nxe5 10. dxe5 Qe7 11. f4 Qb4+ 12. Nc3 h5 13. Qd5 Qe7 14. Qxa8 Qd8 15.
Be3 Ne7 16. O-O c6 0-1

[Event "hypocrisyII"]
[Site "http://www.queenalice.com/game.php?id=824204"]
[Date "2010.8.27"]
[Round "-"]
[White "charles31"]
[Black "unbon4"]
[Result "1-0"]
[WhiteElo "1673"]
[BlackElo "1282"]

1. e4 c5 2. d4 cxd4 3. Qxd4 Nc6 4. Qd1 g6 5. Nc3 Bg7 6. Qd2 Nf6 7. Nf3 O-O 8.
Bc4 e6 9. h3 Qa5 10. g4 d5 11. exd5 exd5 12. Be2 Ne4 13. Nxe4 dxe4 14. Qxa5 Nxa5
15. Ng5 f5 16. b3 h6 17. gxf5 Bxf5 18. Bd2 Bxa1 19. Bxa5 hxg5 20. Kd2 Bf6 21. f3
1-0